RevIISE - Revista de Ciencias Sociales y Humanas

Detalles Bibliográficos
Formato: Artículo
Lenguaje:español
Publicado: [s.l.] : Universidad Nacional de San Juan, 2009 -
Materias:
Acceso en línea:Acceso restringido

MARC

LEADER 00000nab a22000007a 4500
005 20170406121648.0
007 cr|||| ||||
008 170406c20099999ar ar|| s|||| 0|||b1spa d
035 |a 14718 
040 |a vLex 
090 |c 6633  |d 6633 
245 0 0 |a RevIISE - Revista de Ciencias Sociales y Humanas  |h [Recurso electrn̤ico] 
256 |a Servicio en ln̕ea 
260 |a [s.l.] :  |b Universidad Nacional de San Juan,  |c 2009 - 
300 |a 1 recurso electrn̤ico 
310 |a Anual 
362 |a Nm︢. 1 (2009) - 
506 0 |a Contenido disponible en los productos indicados  |d vLex Global  |d vLex Global (Academic Edition, excluding Law Schools)  |d vLex Global (U.S. Academic Edition, Law Schools)  |d vLex Global (U.S. Academic Edition, excluding Law Schools)  |d vLex Global (Academic Edition, Law Schools) 
650 0 4 |a Ciencias sociales  |z Argentina 
740 0 |a vLex Revistas (Servicio en ln̕ea) 
856 4 0 |u http://vlex.com/source/reviise-revista-ciencias-sociales-humanas-14718  |z Acceso restringido 
942 |c REV 
999 0 |a Social sciences